El mito de Prometeo

Saved in:
Bibliografiske detaljer
Hovedforfatter: Séchan, Louis (Author)
Format: Bog
Sprog:spansk
Udgivet: Buenos Aires EUDEBA 1964
Udgivelse:2a. ed
Serier:Cuadernos de EUDEBA, 24
Fag:
Tags: Tilføj Tag
Ingen Tags, Vær først til at tagge denne postø!

MARC

LEADER 00000nam a2200000 a 4500
001 UCZ0097
003 CL-VaPUC
008 950724e19640400AG |||||||||||||||||spa|d
082 0 4 |a 882  |b SEC  |2 21 
100 0 |a Séchan, Louis  |e author  |9 342710 
245 1 3 |a El mito de Prometeo 
250 |a 2a. ed 
300 |a 79 p 
942 |c BK 
945 |d 19950724 00:00:00  |a cmena 
260 |a Buenos Aires  |b EUDEBA  |c 1964 
650 0 |a Tragedia griega  |9 265362 
650 0 |a Análisis literario  |9 318386 
650 0 |a Mitología   |9 255719 
650 7 |a INVESTIGACION LITERARIA  |2 CL-VaPUC  |9 324493 
650 0 |a Crítica literaria   |9 269189 
583 |a last modification  |c 19950724 00:00:00  |k Rodrigo Vera 
490 0 |a Cuadernos de EUDEBA, 24 
999 |c 237070  |d 237068